000 00816nam a2200301Ia 4500
001 3202
005 20240113233618.0
007 ta
008 050408s1994 a g b000 u eng u
020 _cHB
040 _aCotton College,Assam
041 _aeng
082 _a910.32
_bSi 61 Re
100 _aSingh, Chandra Pal .
245 0 _aReading in Political Geography /
_cChandra Pal Singh.
_hTextual Documents
250 _a1st ed. /
260 _aIndia :
_bHeritage Pub ,
_c1994.
300 _a333p. :
_bill ;
_c24 cm .
440 _aContributions to Indian Geography,
490 _aContributions to Indian Geography,
504 _aIndex
653 _aGeography-Political
653 _aGeopolitics
653 _aG-Geography
942 _2ddc
_cBK
999 _c3190
_d3190